[Event "ESCC 2014 - 65+ Rapid"]
[Site "Porto POR"]
[Date "2014.03.19"]
[Round "3.4"]
[White "Khmiadashvili, Tamar"]
[Black "Beznosikov, Vladimir"]
[Result "0-1"]
[WhiteElo "2026"]
[BlackElo "2356"]
[PlyCount "130"]
[EventDate "2014.??.??"]

1. d4 c5 2. c3 cxd4 3. cxd4 d5 4. Nf3 Nc6 5. Nc3 Bf5 6. a3 e6 7. g3 h5 8. Bg2
h4 9. Nxh4 Rxh4 10. gxh4 Qxh4 11. Be3 Nf6 12. h3 Bd6 13. b4 Kf8 14. Qd2 Rc8 15.
Rd1 Ne7 16. Bg5 Qh7 17. Bxf6 gxf6 18. h4 Ng6 19. h5 Nf4 20. Bf3 Be4 21. Qe3 f5
22. Kf1 Ke7 23. Rg1 Bxf3 24. Qxf3 Qxh5 25. Qxh5 Nxh5 26. Rc1 Nf6 27. Na2 Rh8
28. e3 f4 29. exf4 Bxf4 30. Rc2 Ne4 31. Nc1 Nd2+ 32. Ke2 Nc4 33. Nd3 Bd6 34. a4
Rh4 35. Nc5 b6 36. Nb3 Bxb4 37. Rg8 a5 38. Rb8 Rh3 39. Nc1 Bd6 40. Rb7+ Kf6 41.
Nd3 Rh4 42. Nb2 Rxd4 43. Nxc4 dxc4 44. Rxb6 Bb4 45. Rc6 c3 46. Ke3 Rh4 47. Rc7
Kg6 48. f3 f6 49. Rc8 Kf5 50. Rg2 e5 51. Rc6 Rh1 52. Rc4 Rd1 53. f4 e4 54. Rc2
Rd3+ 55. Ke2 Kxf4 56. Rc6 f5 57. Ke1 Re3+ 58. Kf1 Rf3+ 59. Ke2 Rh3 60. Kf1 e3
61. Kg2 Rg3+ 62. Kf1 Kf3 63. Rf6 f4 64. Re6 Rh3 65. Kg1 Rh8 0-1

[Event "ESCC 2014 - 65+ Rapid"]
[Site "Porto POR"]
[Date "2014.03.19"]
[Round "3.5"]
[White "Tseitlin, Mark D"]
[Black "Butnorius, Algimantas"]
[Result "0-1"]
[WhiteElo "2353"]
[BlackElo "2340"]
[PlyCount "134"]
[EventDate "2014.??.??"]

1. e4 e5 2. Nf3 Nc6 3. Bb5 a6 4. Ba4 Nf6 5. O-O Be7 6. Re1 b5 7. Bb3 d6 8. c3
O-O 9. h3 Nb8 10. d4 Nbd7 11. Nbd2 Bb7 12. Bc2 Re8 13. a4 c5 14. Nf1 Bf8 15.
Ng3 g6 16. Bg5 h6 17. Bd2 Bg7 18. dxe5 dxe5 19. Qe2 c4 20. Be3 Qc7 21. Ra2 Nc5
22. Bxc5 Qxc5 23. Rea1 Qc7 24. axb5 axb5 25. Ra7 Bf8 26. b4 cxb3 27. Bxb3 Rxa7
28. Rxa7 Bc5 29. Ra2 Qb6 30. Nh4 Kg7 31. Qf3 Bc8 32. Qe2 Rd8 33. Nf3 Re8 34.
Rb2 Bd7 35. Ba4 Bxf2+ 36. Qxf2 Qxf2+ 37. Kxf2 bxa4 38. Nd2 Be6 39. c4 Nd7 40.
Ra2 Nc5 41. Ne2 Rd8 42. Nc3 Rd3 43. Ncb1 f5 44. exf5 gxf5 45. Ra3 Rxa3 46. Nxa3
Kf6 47. g3 Ke7 48. Ke3 Bd7 49. h4 Kd6 50. Ndb1 Bc6 51. Nc3 Ne4 52. Nxe4+ Bxe4
53. g4 Ke6 54. c5 Bc6 55. gxf5+ Kxf5 56. Nc4 Ke6 57. Kd2 Kd5 58. Ne3+ Kxc5 59.
Ng4 a3 60. Kc3 e4 61. Ne3 Bd5 62. h5 a2 63. Kb2 Be6 64. Nc2 Bf7 65. Ne3 Kd4 66.
Nf5+ Kd3 67. Nxh6 Be6 0-1

[Event "ESCC 2014 - 65+ Rapid"]
[Site "Porto POR"]
[Date "2014.03.19"]
[Round "3.6"]
[White "Sasu-Ducsoara, Adrian-Florian"]
[Black "Grabow, Pouelsten Holm"]
[Result "1-0"]
[WhiteElo "2170"]
[BlackElo "2095"]
[PlyCount "81"]
[EventDate "2014.??.??"]

1. e4 e6 2. d4 d5 3. Nc3 Nf6 4. Bg5 Be7 5. e5 Nfd7 6. h4 Nc6 7. Qg4 f6 8. Bf4
fxe5 9. dxe5 Ndxe5 10. Qxg7 Bf6 11. Qg3 Kf7 12. Be2 Qe7 13. Bh5+ Ng6 14. Nf3 d4
15. Ne4 Qb4+ 16. Bd2 Qe7 17. O-O-O e5 18. Rde1 Bf5 19. Nxf6 Qxf6 20. Nxe5+
Ncxe5 21. Rxe5 Rhe8 22. Rhe1 Rxe5 23. Rxe5 Re8 24. Rxe8 Kxe8 25. Qxc7 Qe6 26.
Qb8+ Qc8 27. Qe5+ Kf7 28. c3 d3 29. Bg5 Kg8 30. Qd5+ Kg7 31. g4 Bxg4 32. Qd4+
Kg8 33. Bxg4 Qe8 34. Qd5+ Kg7 35. Qxb7+ Kg8 36. Qd5+ Kg7 37. Be6 Qa4 38. Qd4+
Qxd4 39. cxd4 h6 40. Bd8 Nf4 41. d5 1-0

[Event "ESCC 2014 - 65+ Rapid"]
[Site "Porto POR"]
[Date "2014.03.19"]
[Round "3.7"]
[White "Boysan, Hasan Ferit"]
[Black "Gundersen, Helge"]
[Result "1/2-1/2"]
[WhiteElo "1969"]
[BlackElo "2162"]
[PlyCount "95"]
[EventDate "2014.??.??"]

1. e4 e6 2. Nf3 f5 3. g3 Nf6 4. Bg2 Be7 5. O-O O-O 6. d3 d6 7. Nbd2 e5 8. b3
Nc6 9. Bb2 Qe8 10. exf5 Bxf5 11. Ng5 Bg4 12. f3 Bd7 13. Nde4 Nxe4 14. Nxe4 d5
15. Nc3 Bc5+ 16. Kh1 Bd4 17. Qc1 Be6 18. Ne2 Bxb2 19. Qxb2 Qh5 20. Rae1 Bh3 21.
c3 Rf6 22. Bxh3 Qxh3 23. Ng1 Qf5 24. Qe2 h6 25. Kg2 Re8 26. Nh3 Re7 27. Nf2 Qd7
28. Qd2 Ref7 29. Ng4 Re6 30. h3 Qe7 31. Nh2 Qf6 32. Ng4 Qe7 33. Nh2 Qd6 34. Ng4
Ne7 35. f4 exf4 36. Rxe6 Qxe6 37. Rxf4 c6 38. Rxf7 Qxf7 39. Qf2 Qxf2+ 40. Kxf2
Kf7 41. d4 Ng6 42. Kf3 Ke6 43. h4 h5 44. Nf2 Kf5 45. Nd3 b6 46. Nb4 Ne7 47. Nd3
Ng6 48. Nb4 1/2-1/2

[Event "ESCC 2014 - 65+ Rapid"]
[Site "Porto POR"]
[Date "2014.03.19"]
[Round "3.8"]
[White "Kabanova, Irina"]
[Black "Gruzmann, Boris"]
[Result "0-1"]
[WhiteElo "1966"]
[BlackElo "2159"]
[PlyCount "74"]
[EventDate "2014.??.??"]

1. e4 c5 2. Nf3 d6 3. d4 cxd4 4. Nxd4 Nf6 5. Nc3 a6 6. Be2 g6 7. Be3 Bg7 8. O-O
b5 9. a3 Bb7 10. f3 O-O 11. Qd2 Nbd7 12. Rad1 Rc8 13. Qe1 Nb6 14. Qf2 Nc4 15.
Bxc4 Rxc4 16. Rd2 Nd7 17. Nd1 Qb8 18. Ne2 Rfc8 19. c3 a5 20. Nf4 b4 21. axb4
axb4 22. b3 bxc3 23. Rc2 Rb4 24. Nd3 Rxb3 25. Bd4 Bxd4 26. Qxd4 Ba6 27. N1f2
Rc4 28. Qe3 Rb1 29. Rfc1 Rxc1+ 30. Qxc1 Qb3 31. Nd1 Rc6 32. Ne1 Qb5 33. Ne3 Qc5
34. Kf2 Nb6 35. g3 d5 36. N1g2 d4 37. Rxc3 dxe3+ 0-1

[Event "ESCC 2014 - 65+ Rapid"]
[Site "Porto POR"]
[Date "2014.03.19"]
[Round "3.9"]
[White "Kozlovskaya, Valentina"]
[Black "Birkestrand, Odd"]
[Result "1-0"]
[WhiteElo "2155"]
[BlackElo "1875"]
[PlyCount "107"]
[EventDate "2014.??.??"]

1. d4 Nf6 2. c4 c5 3. d5 b5 4. cxb5 a6 5. Nc3 axb5 6. Nxb5 d6 7. Nc3 g6 8. g3
Bg7 9. Bg2 O-O 10. Nf3 Ba6 11. O-O Nbd7 12. Re1 Ng4 13. h3 Nge5 14. Nxe5 Nxe5
15. Bf4 Qb6 16. Qc1 Rab8 17. Rb1 Rfc8 18. b3 Nd7 19. Na4 Qa7 20. Nb2 Bd4 21.
Be3 Bg7 22. Qd2 Qc7 23. Nc4 Rb5 24. Rec1 Rcb8 25. Bg5 Nb6 26. Nxb6 R5xb6 27.
Be3 Rb4 28. Rc2 Bc8 29. Rbc1 Bf5 30. Rc4 Qd7 31. g4 Rxc4 32. Rxc4 Bxg4 33. hxg4
Ra8 34. a4 Qb7 35. Qc2 Rb8 36. b4 cxb4 37. Rc7 Qa6 38. Ra7 Qc8 39. Qxc8+ Rxc8
40. Rb7 Bc3 41. Be4 Ra8 42. Bc2 Ra5 43. Rb5 Ra8 44. Kg2 Kg7 45. f4 h6 46. Bb3
Be1 47. Bd4+ f6 48. Rb7 Kf7 49. e4 Rc8 50. e5 Bd2 51. exf6 Bxf4 52. fxe7 Ke8
53. a5 Rc1 54. Ba4+ 1-0

[Event "ESCC 2014 - 65+ Rapid"]
[Site "Porto POR"]
[Date "2014.03.19"]
[Round "3.10"]
[White "Sevenyuk, Alexey"]
[Black "Hutchinson, Norman A"]
[Result "1/2-1/2"]
[WhiteElo "1918"]
[BlackElo "2100"]
[PlyCount "157"]
[EventDate "2014.??.??"]

1. d4 Nf6 2. c4 e6 3. Nc3 Bb4 4. a3 Bxc3+ 5. bxc3 O-O 6. g3 d5 7. c5 b6 8. cxb6
axb6 9. Bg2 Ba6 10. Nh3 Nc6 11. O-O Na5 12. Qc2 Bc4 13. Rb1 c5 14. dxc5 bxc5
15. Bg5 h6 16. Bf4 Qe7 17. Bd2 Bxe2 18. Rfe1 Bc4 19. Nf4 Rfb8 20. Rxb8+ Rxb8
21. Rb1 Bb3 22. Qc1 Nc4 23. Be1 Qa7 24. Nd3 Nd6 25. Ne5 Qc7 26. Bd2 c4 27. Bf4
Ra8 28. Bh3 Nfe4 29. f3 Nc5 30. Ra1 Qa7 31. Kg2 Nd3 32. Nxd3 cxd3 33. Bxd6 Bc2
34. Qd2 Qb6 35. Bb4 Qb5 36. Re1 Rc8 37. f4 Qc4 38. Bg4 d4 39. cxd4 Qxd4 40. Bf3
Bb3 41. Rc1 Rxc1 42. Qxc1 Bd5 43. Qd2 e5 44. fxe5 Bxf3+ 45. Kxf3 Qd5+ 46. Kf2
Qd4+ 47. Qe3 Qb2+ 48. Bd2 Qxa3 49. Qd4 Qb3 50. Ke3 Qd1 51. Kxd3 Qh1 52. Qf2
Qd5+ 53. Qd4 Qh1 54. h4 Qf1+ 55. Ke4 Qg2+ 56. Kf4 Qf1+ 57. Ke3 Qg1+ 58. Kd3
Qxg3+ 59. Kc4 Qg2 60. Qd5 Qg4+ 61. Qd4 Qc8+ 62. Kd3 Qh3+ 63. Kc2 Qf5+ 64. Kc3
Qc8+ 65. Qc4 Qh3+ 66. Kb4 Qf5 67. Bc3 Qb1+ 68. Kc5 Qb8 69. Qd4 Qa7+ 70. Kc4
Qa6+ 71. Kd5 Qb7+ 72. Kc4 Qc6+ 73. Kb3 Qb7+ 74. Kc2 Qg2+ 75. Kd3 Qf1+ 76. Ke3
Qh3+ 77. Kd2 Qg2+ 78. Kd3 Qf2 79. Qb4 1/2-1/2

[Event "ESCC 2014 - 65+ Rapid"]
[Site "Porto POR"]
[Date "2014.03.19"]
[Round "3.11"]
[White "Gorshkov, Yury S"]
[Black "Urbanc, Vinko"]
[Result "1-0"]
[WhiteElo "2320"]
[BlackElo "1860"]
[PlyCount "83"]
[EventDate "2014.??.??"]

1. Nf3 Nf6 2. c4 g6 3. Nc3 d5 4. d4 Bg7 5. e3 O-O 6. b4 c6 7. Be2 a6 8. a4 Re8
9. O-O dxc4 10. Bxc4 Nbd7 11. Qb3 e6 12. e4 Qc7 13. Bg5 h6 14. Bh4 Nh5 15. Rfd1
g5 16. Bg3 Nxg3 17. hxg3 Nf6 18. a5 Rd8 19. Rd2 Ra7 20. Re1 b5 21. axb6 Qxb6
22. Na4 Qb8 23. Nc5 a5 24. bxa5 Qxb3 25. Nxb3 Ba6 26. Bxa6 Rxa6 27. Ne5 Ne8 28.
Nc5 Bxe5 29. Nxa6 Bxd4 30. Red1 e5 31. Nb4 c5 32. Nc6 Ra8 33. Rb1 Nd6 34. Rb8+
Rxb8 35. Nxb8 Nxe4 36. Rc2 Nd6 37. Nc6 c4 38. a6 Nb5 39. Nxd4 exd4 40. Rxc4 d3
41. Rc8+ Kg7 42. Rd8 1-0

[Event "ESCC 2014 - 65+ Rapid"]
[Site "Porto POR"]
[Date "2014.03.19"]
[Round "3.12"]
[White "Alves, Fernando"]
[Black "Santos, Júlio"]
[Result "1-0"]
[WhiteElo "1802"]
[BlackElo "1981"]
[PlyCount "79"]
[EventDate "2014.??.??"]

1. e4 g6 2. d4 Bg7 3. Be2 d6 4. f4 Nf6 5. Nc3 O-O 6. Be3 d5 7. e5 Ne8 8. Nf3 e6
9. Qd2 Nd7 10. h4 f5 11. h5 Kh8 12. O-O-O h6 13. hxg6 c5 14. Ng5 Kg8 15. Nf7
Rxf7 16. gxf7+ Kxf7 17. g4 Nf8 18. gxf5 exf5 19. Bh5+ Kg8 20. Rhg1 cxd4 21.
Bxd4 Be6 22. Qh2 Kh7 23. Qg3 Qe7 24. Rg2 Rc8 25. Bxe8 Rxe8 26. Rdg1 Rd8 27.
Qxg7+ Qxg7 28. Rxg7+ Kh8 29. Rxb7 Nd7 30. Nb5 Rg8 31. Rxg8+ Kxg8 32. Nd6 Kh7
33. Rxa7 Kg6 34. Ra3 h5 35. Kd2 h4 36. Ke1 Kh5 37. Kf2 Kg4 38. Ne8 Kxf4 39.
Rf3+ Ke4 40. c3 1-0

[Event "ESCC 2014 - 65+ Rapid"]
[Site "Porto POR"]
[Date "2014.03.19"]
[Round "3.13"]
[White "Marcelino, José"]
[Black "Zhelesny, Stanislav"]
[Result "0-1"]
[WhiteElo "1374"]
[BlackElo "2171"]
[PlyCount "70"]
[EventDate "2014.??.??"]

1. c4 Nf6 2. Nc3 g6 3. Nf3 Bg7 4. Qc2 O-O 5. e4 d6 6. Be2 Nc6 7. a3 e5 8. O-O
Bg4 9. d3 Nd4 10. Nxd4 exd4 11. Nb1 Bd7 12. Nd2 c5 13. Nf3 Ng4 14. Bf4 Ne5 15.
Nxe5 dxe5 16. Bg3 Bc6 17. Qd2 f5 18. f4 fxe4 19. fxe5 e3 20. Rxf8+ Qxf8 21. Qe1
Qe7 22. Bf4 Bxe5 23. Bxe5 Qxe5 24. Qg3 Qxg3 25. hxg3 Rf8 26. Rf1 Rxf1+ 27. Bxf1
a6 28. Kh2 b5 29. b3 bxc4 30. bxc4 Kf7 31. g4 Kf6 32. Kg3 g5 33. Be2 Ba4 34.
Kf3 Ke5 35. g3 Bc6# 0-1

[Event "ESCC 2014 - 65+ Rapid"]
[Site "Porto POR"]
[Date "2014.03.19"]
[Round "3.14"]
[White "Santos, Amadeu Solha"]
[Black "Brandão, Álvaro"]
[Result "1-0"]
[BlackElo "1601"]
[WhiteElo "1614"]

1. b3 c5 2. Bb2 Nc6 3. e3 e5 4. Nf3 d6 5. Bb5 Bd7 6. Qe2 g6 7. Nc3 Nge7
8. h4 Nb4 9. Bxd7+ Qxd7 10. O-O-O Bg7 11. Ng5 f6 12. Nge4 a6 13. h5 Qf5
14. Nxd6+ Kf7 15. Nxf5 Nxf5 16. hxg6+ hxg6 17. Qc4+ Ke8 18. Qe6+ Ne7
19. Rxh8+ Bxh8 20. a3 Nbc6 21. Rh1 Bg7 22. Nd5 Rd8 23. Nxf6+ Bxf6 24. Qxf6 Kd7
25. Bxe5 Nxe5 26. Qxe5 b6 27. Rh7 Re8 28. Qd5+ Kc8 29. Qe6+ Kd8 30. Qd6+ 1-0

[Event "ESCC 2014 - 65+ Rapid"]
[Site "Porto POR"]
[Date "2014.03.19"]
[Round "4.1"]
[White "Gaprindashvili, Nona"]
[Black "Suba, Mihai"]
[Result "1/2-1/2"]
[WhiteElo "2244"]
[BlackElo "2379"]
[PlyCount "80"]
[EventDate "2014.??.??"]

1. d4 Nf6 2. c4 e6 3. Nf3 Bb4+ 4. Nbd2 b6 5. e3 Bb7 6. Bd3 O-O 7. O-O d5 8. a3
Bd6 9. b4 c5 10. bxc5 bxc5 11. Rb1 Qc7 12. cxd5 exd5 13. dxc5 Bxc5 14. Nb3 Bb6
15. Bb2 Nbd7 16. Rc1 Qd6 17. Nbd4 Rfe8 18. Nb5 Qb8 19. a4 a6 20. Nbd4 Ne5 21.
Nxe5 Qxe5 22. Rb1 Ne4 23. Nf3 Qe6 24. Qb3 Nxf2 25. Bd4 Bxd4 26. exd4 Nxd3 27.
Qxd3 Qe4 28. Qxe4 dxe4 29. Rxb7 exf3 30. Rxf3 f6 31. Rg3 g6 32. Rh3 h5 33. Rf3
f5 34. Kf2 Re6 35. Kg3 Rd8 36. Rc3 h4+ 37. Kf3 g5 38. h3 Rde8 39. Rcc7 Re1 40.
Rg7+ Kh8 1/2-1/2

[Event "ESCC 2014 - 65+ Rapid"]
[Site "Porto POR"]
[Date "2014.03.19"]
[Round "4.2"]
[White "Butnorius, Algimantas"]
[Black "Malachi, Avraham"]
[Result "1-0"]
[WhiteElo "2340"]
[BlackElo "2097"]
[PlyCount "73"]
[EventDate "2014.??.??"]

1. d4 Nf6 2. Nf3 g6 3. c4 Bg7 4. Nc3 O-O 5. e4 d6 6. Be2 e5 7. O-O Nc6 8. d5
Ne7 9. b4 Ne8 10. a4 f5 11. c5 fxe4 12. Ng5 e3 13. Bxe3 Nf5 14. Bd2 Nd4 15. Bd3
a5 16. cxd6 Nxd6 17. bxa5 Rxa5 18. Nb5 Ra8 19. Nxd4 exd4 20. Re1 Qf6 21. f3 Re8
22. Rxe8+ Nxe8 23. Qb3 Nd6 24. Rc1 Bd7 25. a5 Rc8 26. Ne4 Nxe4 27. Bxe4 Qe5 28.
d6+ Be6 29. Qxb7 Qxd6 30. Rc6 Qa3 31. Rxe6 Qa1+ 32. Qb1 Qa4 33. Rc6 d3 34. Qxd3
Qd1+ 35. Kf2 Rb8 36. Rc1 Qa4 37. Qc4+ 1-0

[Event "ESCC 2014 - 65+ Rapid"]
[Site "Porto POR"]
[Date "2014.03.19"]
[Round "4.3"]
[White "Beznosikov, Vladimir"]
[Black "Schouten, Nico"]
[Result "0-1"]
[WhiteElo "2356"]
[BlackElo "2179"]
[PlyCount "90"]
[EventDate "2014.??.??"]

1. e4 e5 2. Nf3 Nc6 3. Bc4 d6 4. d4 Bg4 5. dxe5 Nxe5 6. Be2 Bd7 7. Nc3 Nf6 8.
Bf4 Ng6 9. Bg3 Be7 10. Nd4 O-O 11. O-O Re8 12. f4 Bf8 13. Bf3 c6 14. Kh1 Qb6
15. Nb3 Rad8 16. h4 h6 17. h5 Ne7 18. Bf2 Qc7 19. Bh4 Nh7 20. Qd2 d5 21. exd5
Be6 22. Rad1 cxd5 23. Nd4 Rc8 24. Rfe1 Nc6 25. Bxd5 Nxd4 26. Qxd4 Bxd5 27. Nxd5
Qxc2 28. Be7 Kh8 29. Rd2 Qf5 30. Re5 Qg4 31. Qf2 Bxe7 32. Nxe7 Rc1+ 33. Kh2 Nf6
34. g3 Rxe7 35. Qe2 Rxe5 36. fxe5 Qxe2+ 37. Rxe2 Nxh5 38. Rf2 Kg8 39. g4 Rc5
40. gxh5 Rxe5 41. Rc2 Rxh5+ 42. Kg3 Rb5 43. b3 g6 44. Kf4 Kg7 45. Rd2 h5 0-1

[Event "ESCC 2014 - 65+ Rapid"]
[Site "Porto POR"]
[Date "2014.03.19"]
[Round "4.4"]
[White "Gruzmann, Boris"]
[Black "Sasu-Ducsoara, Adrian-Florian"]
[Result "1-0"]
[WhiteElo "2159"]
[BlackElo "2170"]
[PlyCount "53"]
[EventDate "2014.??.??"]

1. e4 d5 2. exd5 Qxd5 3. Nc3 Qd6 4. d4 Nf6 5. Bc4 c6 6. Nge2 Nbd7 7. Bf4 e5 8.
dxe5 Nxe5 9. Qxd6 Bxd6 10. Bb3 Be6 11. Bxe6 fxe6 12. O-O-O Ke7 13. Rxd6 Kxd6
14. Rd1+ Ke7 15. Bxe5 Rad8 16. Rxd8 Rxd8 17. f3 b5 18. Ng3 b4 19. Nce4 Rd5 20.
Bf4 h6 21. b3 a6 22. Bd2 a5 23. c3 c5 24. Kc2 Nd7 25. Be3 g5 26. c4 Rf5 27.
Nxf5+ 1-0

[Event "ESCC 2014 - 65+ Rapid"]
[Site "Porto POR"]
[Date "2014.03.19"]
[Round "4.5"]
[White "Tsifanskaya, Ludmila A"]
[Black "Grinberg, Iosif P"]
[Result "0-1"]
[WhiteElo "2106"]
[BlackElo "2161"]
[PlyCount "84"]
[EventDate "2014.??.??"]

1. e4 Nc6 2. d4 e5 3. dxe5 Nxe5 4. f4 Nc6 5. Bc4 Nf6 6. Nf3 d6 7. Nc3 Be6 8.
Bxe6 fxe6 9. O-O Qd7 10. Qe2 O-O-O 11. a4 d5 12. e5 Bc5+ 13. Kh1 Ng4 14. Ng5
Nh6 15. f5 Nxf5 16. Rxf5 exf5 17. e6 Qe7 18. Nf7 Nd4 19. Qd3 Qxe6 20. Bg5 Qxf7
21. Bxd8 Rxd8 22. b4 Bxb4 23. Qxd4 Bxc3 24. Qxc3 Qf6 25. Qxf6 gxf6 26. Rf1 Re8
27. h3 Re5 28. Kh2 Kd7 29. Rf4 Ke6 30. Rh4 Re2 31. Rxh7 Rxc2 32. Rh4 Rc4 33.
Rh8 Rxa4 34. h4 Kf7 35. g3 Kg7 36. Rc8 c6 37. Rc7+ Kg6 38. Rxb7 d4 39. Rd7 c5
40. Rd5 Rc4 41. Kg2 Rc3 42. Kf2 a5 0-1

[Event "ESCC 2014 - 65+ Rapid"]
[Site "Porto POR"]
[Date "2014.03.19"]
[Round "4.6"]
[White "Gorshkov, Yury S"]
[Black "Kozlovskaya, Valentina"]
[Result "1-0"]
[WhiteElo "2320"]
[BlackElo "2155"]
[PlyCount "139"]
[EventDate "2014.??.??"]

1. Nf3 d5 2. c4 e6 3. e3 c6 4. b3 Nf6 5. Bb2 Bd6 6. Qc2 Nbd7 7. Nc3 O-O 8. Be2
dxc4 9. bxc4 e5 10. O-O Re8 11. d3 Nf8 12. a4 Ng6 13. Ba3 Bxa3 14. Rxa3 Qe7 15.
Rb3 a5 16. Rfb1 Nd7 17. d4 exd4 18. exd4 Ndf8 19. Bf1 Qf6 20. Ne4 Rxe4 21. Qxe4
Bf5 22. Qe3 Bxb1 23. Rxb1 Rb8 24. d5 Nd7 25. Qa7 cxd5 26. Rxb7 Rxb7 27. Qxb7
Ndf8 28. Qxd5 Nf4 29. Qxa5 Nh3+ 30. gxh3 Qxf3 31. Qd5 Qf6 32. a5 g6 33. c5 Ne6
34. a6 Qa1 35. c6 Nf4 36. Qf3 Ne6 37. Qg3 Qa5 38. Qb8+ Kg7 39. a7 Qg5+ 40. Qg3
Qa5 41. c7 Nxc7 42. Qxc7 Qxc7 43. a8=Q h5 44. Qe4 Qa5 45. h4 Qa1 46. Qf4 Qb2
47. Kg2 Qc3 48. Be2 Qc5 49. Bf3 Qe7 50. Kg3 Kh7 51. Bd5 Kg7 52. Bc4 Qd7 53.
Qe5+ Kg8 54. h3 Qa7 55. Bd5 Qd7 56. Bc4 Qa7 57. Qd6 Kg7 58. Kg2 Qa1 59. Qe7 Qf6
60. Qxf6+ Kxf6 61. Kf3 Kg7 62. Kf4 f6 63. Ba2 Kf8 64. Ke4 Kg7 65. Kd5 g5 66.
Ke6 Kg6 67. Bb1+ Kg7 68. hxg5 fxg5 69. Kf5 Kh6 70. Ba2 1-0

[Event "ESCC 2014 - 65+ Rapid"]
[Site "Porto POR"]
[Date "2014.03.19"]
[Round "4.7"]
[White "Gundersen, Helge"]
[Black "Sevenyuk, Alexey"]
[Result "1-0"]
[WhiteElo "2162"]
[BlackElo "1918"]
[PlyCount "53"]
[EventDate "2014.??.??"]

1. b3 e5 2. Bb2 d6 3. e3 Nf6 4. Ne2 Be7 5. d4 exd4 6. Nxd4 O-O 7. Bd3 Nbd7 8.
Nf3 Nc5 9. Be2 Bf5 10. O-O Nfe4 11. Nd4 Bg6 12. f3 Nf6 13. e4 Nfd7 14. Nc3 Ne6
15. Nd5 Bf6 16. Nxf6+ Nxf6 17. Bc4 Qe7 18. Re1 Nxd4 19. Qxd4 Rfe8 20. g4 Qe5
21. Qxe5 dxe5 22. h4 h6 23. Rad1 c5 24. Rd6 b6 25. g5 Nh5 26. Rxg6 Red8 27. Ra1
1-0

[Event "ESCC 2014 - 65+ Rapid"]
[Site "Porto POR"]
[Date "2014.03.19"]
[Round "4.8"]
[White "Hutchinson, Norman A"]
[Black "Khmiadashvili, Tamar"]
[Result "1/2-1/2"]
[WhiteElo "2100"]
[BlackElo "2026"]
[PlyCount "71"]
[EventDate "2014.??.??"]

1. e4 c6 2. d4 g6 3. Nc3 Bg7 4. h4 h5 5. Nh3 d5 6. e5 Bf5 7. Bf4 e6 8. Ng5 Nh6
9. Qd2 Nd7 10. O-O-O b5 11. f3 Bf8 12. Be2 Nb6 13. g4 hxg4 14. fxg4 Bxg4 15.
Bxg4 Nxg4 16. Qe2 Nh6 17. h5 gxh5 18. Rxh5 Rg8 19. Nxe6 fxe6 20. Bxh6 Bxh6+ 21.
Rxh6 Qe7 22. Qh5+ Kd7 23. Rf1 Raf8 24. Rff6 Nc4 25. Nd1 Rg1 26. Qh3 Kc7 27. Rh7
Rg7 28. Rxg7 Qxg7 29. Qxe6 Qg5+ 30. Kb1 Rxf6 31. Qe7+ Kb6 32. Qd8+ Kb7 33. Qd7+
Ka6 34. Qc8+ Kb6 35. Qd8+ Kb7 36. Ka1 1/2-1/2

[Event "ESCC 2014 - 65+ Rapid"]
[Site "Porto POR"]
[Date "2014.03.19"]
[Round "4.9"]
[White "Grabow, Pouelsten Holm"]
[Black "Boysan, Hasan Ferit"]
[Result "0-1"]
[WhiteElo "2095"]
[BlackElo "1969"]
[PlyCount "126"]
[EventDate "2014.??.??"]

1. d4 Nf6 2. Nf3 g6 3. g3 Bg7 4. Bg2 d6 5. O-O O-O 6. b3 Nbd7 7. Bb2 c6 8. c4
Qc7 9. Nbd2 Re8 10. e4 e5 11. d5 a5 12. Rc1 Nc5 13. Qe2 Qb6 14. Bc3 Bg4 15. h3
Bd7 16. Kh2 cxd5 17. cxd5 Bb5 18. Nc4 Bxc4 19. bxc4 Nfxe4 20. Ba1 Nf6 21. Rb1
Qc7 22. Nd2 Nfd7 23. h4 f5 24. Nb3 a4 25. Nxc5 Nxc5 26. Rb5 e4 27. h5 Bxa1 28.
Rxa1 Qg7 29. Rc1 Qe5 30. Qe3 Re7 31. Qg5 Rg7 32. h6 Rf7 33. Kg1 Re8 34. Bh3 e3
35. fxe3 Qxe3+ 36. Qxe3 Rxe3 37. Rb6 Rd7 38. Kf2 Re4 39. Rc2 Kf7 40. Bg2 Nd3+
41. Kg1 Re5 42. Kh2 Nc5 43. Bf3 Kf6 44. g4 f4 45. Rg2 Kg5 46. Kg1 Re1+ 47. Kh2
Re3 48. Bd1 f3 49. Rg1 Kf4 50. Rb4 Rf7 51. Bxa4 f2 52. Rf1 Kxg4 53. Bd1+ Kg5
54. Rb2 Nd3 55. Re2 Rxe2 56. Bxe2 Nc5 57. Kg2 Kxh6 58. Bf3 Rf4 59. Kxf2 Rxc4
60. Ke3 Rc3+ 61. Kd4 Ra3 62. Rf2 b5 63. Bg2 Rd3# 0-1

[Event "ESCC 2014 - 65+ Rapid"]
[Site "Porto POR"]
[Date "2014.03.19"]
[Round "4.10"]
[White "Birkestrand, Odd"]
[Black "Tseitlin, Mark D"]
[Result "0-1"]
[WhiteElo "1875"]
[BlackElo "2353"]
[PlyCount "60"]
[EventDate "2014.??.??"]

1. e4 c5 2. c3 d5 3. exd5 Qxd5 4. d4 Nc6 5. dxc5 Qxd1+ 6. Kxd1 e5 7. b4 a5 8.
b5 Nb8 9. Be3 f5 10. f3 Nf6 11. c4 Nbd7 12. c6 bxc6 13. bxc6 Nb8 14. c7 Na6 15.
Bb6 Nd7 16. Bxa5 Ra7 17. Nc3 Nxc7 18. Bxc7 Rxc7 19. Nb5 Rc5 20. Bd3 Nb6 21. Rc1
Be6 22. Ne2 Be7 23. h3 Kf7 24. g4 Rd8 25. Rc3 e4 26. Nf4 exd3 27. Nxe6 Kxe6 28.
Re1+ Kf7 29. gxf5 Nxc4 30. a4 Bg5 0-1

[Event "ESCC 2014 - 65+ Rapid"]
[Site "Porto POR"]
[Date "2014.03.19"]
[Round "4.11"]
[White "Zhelesny, Stanislav"]
[Black "Santos, Amadeu Solha"]
[Result "1-0"]
[WhiteElo "2171"]
[BlackElo "1614"]
[PlyCount "85"]
[EventDate "2014.??.??"]

1. d4 d5 2. Nf3 Bf5 3. c4 c6 4. cxd5 cxd5 5. Nc3 e6 6. e3 a6 7. Qb3 Qc7 8. Bd2
Nc6 9. Rc1 Bd6 10. Be2 Nf6 11. O-O Ne4 12. h3 Qe7 13. Nxe4 dxe4 14. Ne5 Nxe5
15. dxe5 Bxe5 16. Bb4 Bd6 17. Bxd6 Qxd6 18. Qxb7 O-O 19. Rfd1 Qb8 20. Qxb8
Raxb8 21. b3 a5 22. Rd4 g5 23. Rc7 Kg7 24. Bc4 Kg6 25. g4 h5 26. gxf5+ exf5 27.
Rd6+ f6 28. Rdd7 Rh8 29. Rg7+ Kh6 30. a4 f4 31. Rge7 Rhe8 32. Rh7+ Kg6 33. Rhd7
f3 34. Bf7+ Kf5 35. Bxe8 Rxe8 36. Rc5+ Ke6 37. Rd4 Kf7 38. Rcc4 f5 39. Rd5 Ke6
40. Rcc5 Rf8 41. Re5+ Kd6 42. Rxf5 Rg8 43. Rxg5 1-0

[Event "ESCC 2014 - 65+ Rapid"]
[Site "Porto POR"]
[Date "2014.03.19"]
[Round "4.12"]
[White "Alves, Fernando"]
[Black "Kabanova, Irina"]
[Result "1-0"]
[WhiteElo "1802"]
[BlackElo "1966"]
[PlyCount "74"]
[EventDate "2014.??.??"]

1. e4 c5 2. Nf3 e6 3. d4 cxd4 4. Nxd4 a6 5. Be2 Qc7 6. a4 Nf6 7. Nd2 Nc6 8.
N4b3 b6 9. O-O Bb7 10. c3 d6 11. Re1 Be7 12. Bf1 O-O 13. Nf3 Rfd8 14. Qe2 Ne5
15. Bf4 Nc4 16. Qxc4 Qb8 17. Nbd2 Rc8 18. Qb3 e5 19. Bg3 Qc7 20. Rad1 Bc6 21.
Bc4 Bxa4 22. Bxf7+ Kh8 23. Qxa4 b5 24. Qa2 Qb6 25. Be6 Rf8 26. Ng5 h6 27. Nf7+
Kh7 28. Bh4 Ra7 29. Nf3 Rc7 30. h3 Ne8 31. Bxe7 Rxe7 32. Re3 Qa7 33. Red3 Rexf7
34. Bxf7 Rxf7 35. Qe6 Nf6 36. Rxd6 Rf8 37. Nxe5 h5 1-0

[Event "ESCC 2014 - 65+ Rapid"]
[Site "Porto POR"]
[Date "2014.03.19"]
[Round "4.13"]
[White "Santos, Júlio"]
[Black "Brandão, Álvaro"]
[Result "1-0"]
[WhiteElo "1981"]
[BlackElo "1601"]
[PlyCount "63"]
[EventDate "2014.??.??"]

1. e4 d5 2. exd5 Nf6 3. c4 Bg4 4. Be2 Qd7 5. Nf3 e6 6. Qb3 Bxf3 7. Bxf3 c6 8.
dxe6 Qxe6+ 9. Qe3 Qxe3+ 10. dxe3 Bb4+ 11. Bd2 a5 12. Nc3 O-O 13. a3 Bc5 14.
O-O-O Nbd7 15. Na4 Ba7 16. Bc3 Rac8 17. Bxa5 b5 18. cxb5 cxb5+ 19. Nc3 Ne5 20.
Be2 Nc6 21. Bb4 Nxb4 22. axb4 Ne4 23. Rd7 Nxc3 24. bxc3 Rxc3+ 25. Kb2 Rfc8 26.
Bd3 g6 27. Rd1 Bb8 28. f4 h6 29. g3 g5 30. Rd2 Kg7 31. Rb7 Rc1 32. Rxb8 1-0

[Event "ESCC 2014 - 65+ Rapid"]
[Site "Porto POR"]
[Date "2014.03.19"]
[Round "4.14"]
[White "Urbanc, Vinko"]
[Black "Marcelino, José"]
[Result "1-0"]
[WhiteElo "1860"]
[BlackElo "1374"]
[PlyCount "75"]
[EventDate "2014.??.??"]

1. c4 Nf6 2. Nf3 d6 3. g3 e5 4. d3 Be7 5. Bg2 c6 6. O-O O-O 7. Nc3 b6 8. Bd2
Bb7 9. b4 Re8 10. Qb3 Qc7 11. Rfc1 Nbd7 12. a4 a6 13. a5 b5 14. cxb5 axb5 15.
Nxb5 Qb8 16. Na3 Rc8 17. Rab1 Ba6 18. Ng5 d5 19. e4 Qb7 20. exd5 cxd5 21. Re1
Bb5 22. f4 Bd6 23. Nf3 e4 24. Nxb5 Qxb5 25. dxe4 dxe4 26. Nd4 Qd3 27. Qxd3 exd3
28. Bxa8 Rxa8 29. Nb5 Bf8 30. Re3 Nd5 31. Rxd3 N7f6 32. Nd4 Ne4 33. Nc6 Nxd2
34. Rxd2 Nxb4 35. Nxb4 Rxa5 36. Nc6 Ra8 37. Rb8 Rxb8 38. Nxb8 1-0